00650 2200253 4500001002100000005001700021008004100038020001800079035002400097082001000121090002200131100002100153245003400174250001100208260003100219300002800250440003200278650002100310850001300331980001100344985000600355986001300361999002200374YOGYA-0209000005588020090227033618.0 ind  a979-21-0803-3 0010-020900000055880 a028.5 a028.5bSet SlDEP aSETIAWATI, Maria aSanto PetruscMaria Setiawati aCet. 1 aYogyakartabKanisiusc2004 a[8] lembarbilusc28 cm a(Seri mewarnai orang kudus) aBacaan bergambar aYOPDYOGM a300704 a1 artrevpkp a2004-071h CB-D.11